Ensayo sobre la naturaleza del comercio general / (Record no. 39830)

MARC details
000 -LEADER
campo de control de longitud fija 01276nam a2200277 i 4500
001 - NÚMERO DE CONTROL
campo de control 39830
003 - IDENTIFICADOR DE NÚMERO DE CONTROL
campo de control ES-MaACL
005 - FECHA Y HORA DE LA ÚLTIMA TRANSACCIÓN
campo de control 20250901110114.0
007 - CAMPO FIJO DE DESCRIPCIÓN FÍSICA--INFORMACIÓN GENERAL
campo de control de longitud fija t|
008 - DATOS DE LONGITUD FIJA--INFORMACIÓN GENERAL
campo de control de longitud fija 030304s1950 mx ||||1| spa d
100 1# - ENTRADA PRINCIPAL--NOMBRE DE PERSONA
Nombre de persona Cantillon, Richard.
9 (RLIN) 34662
245 10 - MENCIÓN DEL TÍTULO
Título Ensayo sobre la naturaleza del comercio general /
Mención de responsabilidad, etc. Richard Cantillon ; prefacio y traducción de M. Sánchez Sarto ; con un estudio de W. S. Jevons.
250 ## - MENCION DE EDICION
Mención de edición [1ª ed. en español].
260 ## - PUBLICACIÓN, DISTRIBUCIÓN, ETC.
Lugar de publicación, distribución, etc. México, etc. :
Nombre del editor, distribuidor, etc. Fondo de Cultura Económica,
Fecha de publicación, distribución, etc. [1950] (
Fabricante Gráf. Panamericana)
300 ## - DESCRIPCIÓN FÍSICA
Extensión 234 p. ;
Dimensiones 24 cm.
490 1# - MENCIÓN DE SERIE
Mención de serie Las obras maestras de la economía
650 #4 - PUNTO DE ACCESO ADICIONAL DE MATERIA--TÉRMINO DE MATERIA
Término de materia o nombre geográfico como elemento de entrada Comercio-
Subdivisión de forma Historia
9 (RLIN) 11160
700 1# - ENTRADA AGREGADA--NOMBRE PERSONAL
Nombre de persona Sánchez Sarto, Manuel.
9 (RLIN) 102931
700 1# - ENTRADA AGREGADA--NOMBRE PERSONAL
Nombre de persona Jevons, William Stanley.
9 (RLIN) 128300
830 0# - PUNTO DE ACCESO ADICIONAL DE SERIE-TÍTULO UNIFORME
Título uniforme Las obras maestras de la economía
9 (RLIN) 187391
852 ## - LOCALIZACIÓN
Ubicación ES-MaACL
Número de control de estantería D-6518
Sublocalización o colección R.31994
-- R.M.6109
itemnumber 41294
Ubicación en estantería Sala Valle Inclán
Marcas de propiedad Sello en tinta azul de la Biblioteca del Ateneo de Madrid
Anotaciones manuscritas Anotación manuscrita en cubierta: "25"
-- Anotación manuscrita en hoja de guarda: "43"
Nota libre En cubierta: "29.ABR.1952"
942 ## - ELEMENTOS DE ENTRADA SECUNDARIOS (KOHA)
Fuente del sistema de clasificación o colocación Clasificación decimal universal
Tipo de ítem Koha Libro impreso
Holdings
Estatus retirado Estado de pérdida Estado de daño No para préstamo Biblioteca de origen Biblioteca actual Ubicación en estantería Fecha de adquisición Fuente de adquisición Total de préstamos Signatura topográfica completa Código de barras Visto por última vez Precio de reemplazo Tipo de ítem Koha
        Biblioteca del Ateneo de Madrid Biblioteca del Ateneo de Madrid Sala Valle Inclán 17/01/2008     D-6518 901041941 23/02/2023 23/02/2023 Libro impreso